| 000 | 00567nam a2200193Ia 4500 | ||
|---|---|---|---|
| 005 | 20260601193254.0 | ||
| 008 | 260601s9999||||xx |||||||||||||| ||und|| | ||
| 020 |
_a978-3-031-65647-7 _qebk |
||
| 100 | _aUday Kamath | ||
| 245 | 0 | _aLarge Language Models: A Deep Dive | |
| 250 | _a2024 | ||
| 260 |
_aHeidelberg, Germany _bSpringer Nature _c2024 |
||
| 650 | _aComputer Science | ||
| 700 | _aGarrett Somers | ||
| 700 | _aKevin Keenan | ||
| 700 | _aSarah Sorenson | ||
| 856 | _uhttps://link.springer.com/openurl?genre=book&isbn=978-3-031-65647-7 | ||
| 942 |
_cEB _2ddc |
||
| 999 |
_c56810 _d56810 |
||